00705naa a2200145 i 450000100060000000300090000600500170001500800410003204000290007308000120010210001300011424500400024465500300028477302450031410207KOSZ 00520180417154442.0180417s2001 pl a |100 0 pol d aKOSZ 005/HRcKOSZ 005/HR a94(438)1 aPARTACZ, Czesław.d1999 - 2007.bPolitechnika Koszalińska - Wydział Ekonomii i Zarządzania,cKatedra Nauk Społecznych. aAkcja "Wisła" /cCzesław Partacz. 0aMateriały konferencyjne.0 iW :tPrzemiany społeczno-polityczne na Pomorzu Środkowym w latach 1945-1956 : materiały z konferencji / pod red. Zenona Kachnicza. -dKoszalin : Koszalińska Biblioteka Publiczna im. Joachima Lelewela, 2001. -gs. 113-116z8387317233